Cities that Start in G by Clue - Statistics

General Stats
  • This quiz has been taken 137 times
  • The average score is 15 of 20
Answer Stats
Clue City % Correct
Egyptian city that is home to a "Great Pyramid" Giza
95%
Where Red Cross is headquartered Geneva
94%
Polish seaport formerly a free city known as "Danzig" Gdańsk
91%
Glesca or Glesga is what the natives call it Glasgow
85%
Almost, but not quite, the southernmost point on the Iberian Peninsula Gibraltar
84%
Hometown of Christopher Columbus that once was a city-state with a naval empire Genoa
83%
World's most populous urban agglomeration Guangzhou
83%
Central American city that was almost completely destroyed by the 1917–18 earthquakes Guatemala City
83%
City that is ruled by the political party Hamas Gaza
81%
Either the capital of Guyana or Malaysia's second most populous urban area Georgetown
81%
Spanish city once capital of an Islamic emirate Granada
81%
Where tequila was originated Guadalajara
80%
Site of the deadliest battle of the American Civil War Gettysburg
79%
Capital of Botswana Gaborone
71%
Most populous city in Ecuador Guayaquil
59%
Was the capital of Burundi until 1966, and is again since 2019 Gitega
58%
Smallest city that is home to an NFL team Green Bay
58%
It's not the former of Ghana, it's the second largest city in Queensland, Australia Gold Coast
57%
Hometown of the Jackson family Gary
51%
Texas city on a barrier island that was the site of the deadliest hurricane in U.S. history Galveston
50%
No matching quizzes found
Score Distribution
Percent of People with Each Score
Percentile by Number Answered
Your Score History
You have not taken this quiz